<?xml version="1.0" encoding="UTF-8"?>
<record
    xmlns:xsi="http://www.w3.org/2001/XMLSchema-instance"
    xsi:schemaLocation="http://www.loc.gov/MARC21/slim http://www.loc.gov/standards/marcxml/schema/MARC21slim.xsd"
    xmlns="http://www.loc.gov/MARC21/slim">

  <leader>01157nab a2200289uuc4500</leader>
  <controlfield tag="001">1175759</controlfield>
  <controlfield tag="005">20240424134228.0</controlfield>
  <controlfield tag="008">091027e20030116                    spa  </controlfield>
  <datafield tag="035" ind1=" " ind2=" ">
    <subfield code="a">1175759</subfield>
  </datafield>
  <datafield tag="035" ind1=" " ind2=" ">
    <subfield code="a">(OCoLC)820505309</subfield>
  </datafield>
  <datafield tag="040" ind1=" " ind2=" ">
    <subfield code="c">comduadb</subfield>
  </datafield>
  <datafield tag="041" ind1=" " ind2=" ">
    <subfield code="a">spa</subfield>
  </datafield>
  <datafield tag="100" ind1="1" ind2="0">
    <subfield code="a">Diaz Faciolince, Victoria Eugenia</subfield>
    <subfield code="4">aut</subfield>
    <subfield code="e">aut</subfield>
    <subfield code="9">273087</subfield>
  </datafield>
  <datafield tag="245" ind1="1" ind2="0">
    <subfield code="a">Efectos del tratamiento de ortodoncia en la imagen del cuerpo y en la autoestima de los adolescentes</subfield>
  </datafield>
  <datafield tag="650" ind1=" " ind2="7">
    <subfield code="a">Ortodoncia</subfield>
    <subfield code="2">dcs</subfield>
    <subfield code="9">31742</subfield>
  </datafield>
  <datafield tag="650" ind1=" " ind2=" ">
    <subfield code="a">Autoestima en adolescentes</subfield>
    <subfield code="9">74815</subfield>
  </datafield>
  <datafield tag="650" ind1=" " ind2="0">
    <subfield code="a">Imagen corporal</subfield>
    <subfield code="9">11344</subfield>
  </datafield>
  <datafield tag="650" ind1=" " ind2="7">
    <subfield code="a">Narcisismo</subfield>
    <subfield code="2">lemb</subfield>
    <subfield code="9">32964</subfield>
  </datafield>
  <datafield tag="650" ind1=" " ind2="7">
    <subfield code="a">Belleza corporal</subfield>
    <subfield code="2">embne</subfield>
    <subfield code="9">182113</subfield>
  </datafield>
  <datafield tag="700" ind1="1" ind2="0">
    <subfield code="a">Cort&#xE9;s Casta&#xF1;o, Nelson</subfield>
    <subfield code="4">aut</subfield>
    <subfield code="e">aut</subfield>
    <subfield code="9">330215</subfield>
  </datafield>
  <datafield tag="700" ind1="1" ind2="0">
    <subfield code="a">Angarita P., Monica Liliana</subfield>
    <subfield code="4">aut</subfield>
    <subfield code="e">aut</subfield>
    <subfield code="9">582303</subfield>
  </datafield>
  <datafield tag="700" ind1="1" ind2="0">
    <subfield code="a">Arango V., Carolina</subfield>
    <subfield code="4">aut</subfield>
    <subfield code="e">aut</subfield>
    <subfield code="9">572146</subfield>
  </datafield>
  <datafield tag="700" ind1="1" ind2="0">
    <subfield code="a">Valencia E., Gloria Liliana</subfield>
    <subfield code="4">aut</subfield>
    <subfield code="e">aut</subfield>
    <subfield code="9">572147</subfield>
  </datafield>
  <datafield tag="773" ind1="0" ind2=" ">
    <subfield code="t">Revista Facultad de Odontolog&#xED;a. Universidad de Antioquia (Medell&#xED;n)</subfield>
    <subfield code="g">Volumen 14, N&#xFA;mero 02, Enero-Marzo 2003, p. 51-60</subfield>
    <subfield code="w">385976</subfield>
    <subfield code="z">0121246X</subfield>
    <subfield code="0">109914</subfield>
  </datafield>
  <datafield tag="856" ind1="4" ind2=" ">
    <subfield code="u">http://bibliotecadigital.udea.edu.co/handle/10495/9157</subfield>
  </datafield>
  <datafield tag="942" ind1=" " ind2=" ">
    <subfield code="c">ARIMP</subfield>
  </datafield>
  <datafield tag="999" ind1=" " ind2=" ">
    <subfield code="c">530165</subfield>
    <subfield code="d">530165</subfield>
  </datafield>
</record>
